000 00813cam a2200229 a 4500
001 000013467
005 20200929163235.0
008 940927s1988 ctua b 001 0 eng d
020 _a0300040806
040 _aDO-SdBNP
_beng
_cLC
_dBNPHU
082 _a338.951249
_bL693e
100 1 _aLi, Kuo-ting,
_d1910-
_930772
245 1 4 _aThe evolution of policy behind Taiwan's development success /
_cKuo-Ting Li ; ensayos introductorios Gustav Ranis y John C.H. Fei.
260 _aNew Haven :
_bYale University,
_c1988.
300 _axiii, 189 p. :
_bil. ;
_c22 cm.
651 4 _aTaiwan
_xPolítica Económica
_y1945-
_930773
651 4 _aTaiwan
_xCondiciones Económicas
_y1945-
_930774
700 1 _aRanis, Gustav.
_930775
700 1 _aFei, John C. H.
_930776
910 _aCatalogación derivada / LC
049 _aBNGR
999 _c13091
_d13091